Restructing care for the elderly in Germany.

Bibliographic Details
Main Author: Wegner, Eldon L.
Format: Libro
Language:English
Published: Sage Publications 2001
Subjects:

MARC

LEADER 00000cam a2200000 a 4500
001 029967
003 UAHC_CL
005 20170803123141.0
008 020802b xx j 000 1 eng
040 |a UAHC_CL  |c UAHC_CL  |d UAHC_CL 
100 1 |a Wegner, Eldon L. 
245 1 0 |a Restructing care for the elderly in Germany. 
260 |b Sage Publications  |c 2001 
500 |a En : Current Sociology, n¼3, may 2001 
650 4 |a ENFERMEDADES  |x CUIDADO  |z ALEMANIA 
900 |a CURRENT SOCIOLOGY-3/01 
942 |c BK 
999 |c 29967  |d 29967